| 000 | 00575 a2200169 4500 | ||
|---|---|---|---|
| 005 | 20190823122352.0 | ||
| 008 | 190530b1982 -cn||||| |||| 00| 0 fre d | ||
| 020 | _a2920376241 | ||
| 040 |
_aCO-BoUCM _bspa _cJuan Jose Mateus _dJuan Jose Mateus |
||
| 041 | 0 | _afre | |
| 100 | 1 | 0 |
_aTremblay, André _996675 |
| 245 | 1 | 0 |
_aPrécis de droit constitutionnel _cAndré Tremblay |
| 260 |
_bLes editions Themis _c1982 _aMontréal, Canadá |
||
| 650 | 7 |
_912725 _aDerecho constitucional _zFrancia |
|
| 942 |
_cLIBRO _2DEWEY _a8 _e1 _h342.44 _mT789p |
||
| 999 |
_c312611 _d312611 |
||